000
00231nam a22001097a 4500
082
_a
621.362484 JOR'L
100
_a
JORDEN, E. J
_9
56639
245
_a
LOUDSPEAKERS
260
_a
LONDON
_b
FOCAL
_c
1963
300
_a
227P
942
_c
BK
999
_c
567012
_d
567012